[Event "21. Open Villa de Benidorm 2008"]
[Site "Benidorm ESP"]
[Date "2008.04.25"]
[Round "1.2"]
[White "Ingunza Lopez, Txema"]
[Black "Burmakin, Vladimir"]
[Result "0-1"]
[WhiteElo "2025"]
[BlackElo "2615"]
[PlyCount "83"]
[EventDate "2008.04.25"]
[EventType "swiss"]
[EventRounds "9"]
[EventCountry "ESP"]
[Source "lmi"]
[SourceDate "2008.04.25"]

1. e4 c6 2. d4 d5 3. Nc3 g6 4. Nf3 Bg7 5. Be2 dxe4 6. Nxe4 Nd7 7. O-O Ngf6 8.
Nxf6+ Nxf6 9. Bf4 O-O 10. Ne5 Nd5 11. Bg3 Qb6 12. Bc4 Qxb2 13. Rb1 Qc3 14. Rb3
Qa5 15. Qe2 Qd8 16. Rd1 Nb6 17. Bd3 Nd7 18. Be4 Nf6 19. Bf3 a5 20. c4 a4 21.
Rbb1 Ra6 22. Nd3 Ra7 23. Ne5 Bf5 24. Rb2 Qc8 25. h3 Nd7 26. Qe3 a3 27. Re2 Re8
28. Red2 Ra6 29. Bf4 Nxe5 30. Bxe5 f6 31. Bh2 Be6 32. d5 Bf7 33. Qb3 Qa8 34.
Bf4 Ra4 35. Be3 e5 36. Be4 Bf8 37. dxc6 bxc6 38. Rc1 f5 39. Bc2 Rb4 40. Rcd1
Ra4 41. Be4 Qd8 42. Qxa4 0-1

[Event "21. Open Villa de Benidorm 2008"]
[Site "Benidorm ESP"]
[Date "2008.04.25"]
[Round "1.4"]
[White "Svendsen, Peter"]
[Black "Chatalbashev, Boris"]
[Result "0-1"]
[WhiteElo "2008"]
[BlackElo "2605"]
[PlyCount "44"]
[EventDate "2008.04.25"]
[EventType "swiss"]
[EventRounds "9"]
[EventCountry "ESP"]
[Source "lmi"]
[SourceDate "2008.04.25"]

1. d4 Nf6 2. c4 e6 3. Nf3 c5 4. Nc3 cxd4 5. Nxd4 Nc6 6. g3 Bb4 7. Ndb5 O-O 8.
a3 Bxc3+ 9. Nxc3 d5 10. cxd5 exd5 11. Bg2 d4 12. Nb1 Re8 13. O-O Bg4 14. Re1 d3
15. f3 Nd4 16. fxg4 dxe2 17. Qa4 Nxg4 18. h3 Ne5 19. Bf4 Ndf3+ 20. Bxf3 Nxf3+
21. Kf2 Nxe1 22. Kxe1 Qb6 0-1

[Event "21. Open Villa de Benidorm 2008"]
[Site "Benidorm ESP"]
[Date "2008.04.25"]
[Round "1.5"]
[White "Mikhalevski, Victor"]
[Black "Navarro Lopez-Menchero, Daniel"]
[Result "1-0"]
[WhiteElo "2597"]
[BlackElo "2002"]
[PlyCount "75"]
[EventDate "2008.04.25"]
[EventType "swiss"]
[EventRounds "9"]
[EventCountry "ESP"]
[Source "lmi"]
[SourceDate "2008.04.25"]

1. d4 Nf6 2. c4 e6 3. g3 d5 4. Bg2 Bb4+ 5. Nd2 O-O 6. Ngf3 Nbd7 7. O-O c5 8.
cxd5 exd5 9. dxc5 Nxc5 10. a3 Bxd2 11. Bxd2 b6 12. Nd4 Bb7 13. Rc1 Qd7 14. Bg5
Nce4 15. Bf4 Rac8 16. f3 Nd6 17. Bxd6 Rxc1 18. Qxc1 Qxd6 19. Bh3 Re8 20. Qc3 h6
21. Rc1 Qe5 22. Qd2 Ba6 23. Bf5 g6 24. Bh3 Kg7 25. Kf2 Qh5 26. Bg2 Qe5 27. Rc3
Bb7 28. Bh3 Qh5 29. Kg2 Qe5 30. Qf4 Qxf4 31. gxf4 Re7 32. Kf2 Nh5 33. e3 Ba6
34. f5 g5 35. f6+ Kxf6 36. Rc6+ Ke5 37. Rxh6 Bc8 38. Bf1 1-0

[Event "21. Open Villa de Benidorm 2008"]
[Site "Benidorm ESP"]
[Date "2008.04.25"]
[Round "1.6"]
[White "Ruiz Ureta, Ernesto"]
[Black "Maze, Sebastien"]
[Result "0-1"]
[WhiteElo "1999"]
[BlackElo "2565"]
[PlyCount "81"]
[EventDate "2008.04.25"]
[EventType "swiss"]
[EventRounds "9"]
[EventCountry "ESP"]
[Source "lmi"]
[SourceDate "2008.04.25"]

1. e4 c5 2. Nf3 Nc6 3. d4 cxd4 4. Nxd4 g6 5. Nc3 Bg7 6. Be3 Nf6 7. Nxc6 bxc6 8.
e5 Ng8 9. Bd4 f6 10. f4 Nh6 11. exf6 Bxf6 12. Bxf6 exf6 13. Qe2+ Kf7 14. O-O-O
d5 15. h3 Re8 16. Qf3 Nf5 17. Bd3 Qb6 18. Rhe1 Bd7 19. Bxf5 Bxf5 20. g4 Bd7 21.
Ne4 Qc7 22. Nc5 Qd6 23. Qf2 Rab8 24. Ne4 Qb4 25. c3 Qf8 26. Qxa7 Red8 27. Qc7
Kg8 28. g5 Rbc8 29. Qa7 fxg5 30. Rf1 gxf4 31. Ng5 h6 32. Nf3 Bxh3 33. Rg1 Bf5
34. Ne5 g5 35. Qd4 Qg7 36. Rde1 Be4 37. Rxe4 dxe4 38. Qc4+ Kf8 39. Qxe4 Re8 40.
Ng6+ Kf7 41. Ne5+ 0-1

[Event "21. Open Villa de Benidorm 2008"]
[Site "Benidorm ESP"]
[Date "2008.04.25"]
[Round "1.8"]
[White "De Anna, Franco"]
[Black "Gonzalez Garcia, Jose"]
[Result "0-1"]
[WhiteElo "1981"]
[BlackElo "2541"]
[PlyCount "117"]
[EventDate "2008.04.25"]
[EventType "swiss"]
[EventRounds "9"]
[EventCountry "ESP"]
[Source "lmi"]
[SourceDate "2008.04.25"]

1. d4 Nf6 2. c4 e6 3. a3 c5 4. Nf3 cxd4 5. Nxd4 a6 6. Nc3 Qc7 7. e3 Be7 8. Be2
O-O 9. O-O d6 10. Qc2 Nbd7 11. b3 b6 12. Bb2 Bb7 13. Rac1 Rac8 14. Bf3 Bxf3 15.
Nxf3 Qb7 16. Qe2 Rc7 17. Rfd1 Rfc8 18. Nd4 Nc5 19. b4 Ncd7 20. Nb1 Ne5 21. Nd2
h6 22. N4f3 Nxf3+ 23. Nxf3 Ne4 24. Nd4 Bf6 25. f3 Ng5 26. Rc2 h5 27. Rdc1 h4
28. h3 Nh7 29. Qd3 Nf8 30. Ne2 Bxb2 31. Rxb2 Ng6 32. Rbc2 Rd7 33. e4 Rdc7 34.
Qd4 Qc6 35. f4 Re7 36. Rd1 e5 37. fxe5 Rxe5 38. Qxd6 Qxe4 39. Qd3 Qe3+ 40. Qxe3
Rxe3 41. a4 Ne5 42. c5 bxc5 43. bxc5 Nc6 44. Nd4 Rd8 45. Rcd2 Rc8 46. Nf5 Rc3
47. Nd6 Rd8 48. Ne4 Rxd2 49. Rxd2 Rc4 50. Re2 f6 51. Kf2 Ne5 52. Ke3 Rxa4 53.
Rc2 Ra3+ 54. Rc3 Rxc3+ 55. Nxc3 Kf7 56. Kd4 Ke6 57. Ke4 Nc6 58. Ne2 f5+ 59. Kf4
0-1

[Event "21. Open Villa de Benidorm 2008"]
[Site "Benidorm ESP"]
[Date "2008.04.26"]
[Round "2.2"]
[White "Burmakin, Vladimir"]
[Black "Kraidman, Yair"]
[Result "1-0"]
[WhiteElo "2615"]
[BlackElo "2277"]
[PlyCount "105"]
[EventDate "2008.04.25"]
[EventType "swiss"]
[EventRounds "9"]
[EventCountry "ESP"]
[Source "lmi"]
[SourceDate "2008.04.25"]

1. d4 d5 2. c4 c6 3. Nf3 Nf6 4. Qb3 Qb6 5. Nc3 Qxb3 6. axb3 Bf5 7. c5 e6 8. Bf4
a6 9. b4 Be7 10. e3 O-O 11. b5 Ne4 12. Nxe4 Bxe4 13. Nd2 cxb5 14. Nxe4 dxe4 15.
Bxb5 Nc6 16. Bxc6 bxc6 17. Kd2 Ra7 18. Ra4 Rfa8 19. Rha1 Bd8 20. f3 exf3 21.
gxf3 Kf8 22. e4 Ke8 23. Kc2 Kd7 24. Be3 a5 25. b4 f5 26. Bd2 fxe4 27. fxe4 Bc7
28. bxa5 Rf8 29. Rg1 g6 30. Rg2 Rf3 31. a6 Rh3 32. Rf2 Ke8 33. e5 Bd8 34. Rg2
Bh4 35. Kd1 Be7 36. Kc2 Rf3 37. Bc3 Kd7 38. Kb3 Rf8 39. Kc4 Rfa8 40. Rga2 Ke8
41. Kd3 Kf7 42. Rb4 Ke8 43. Rb6 Kd7 44. Rf2 Rxa6 45. Rf7 R8a7 46. Rxh7 Ra2 47.
Rb3 Rg2 48. Bd2 g5 49. Be3 Ke8 50. Ke4 Rg4+ 51. Kf3 Rh4 52. Rb8+ Kd7 53. Rxe7+
1-0

[Event "21. Open Villa de Benidorm 2008"]
[Site "Benidorm ESP"]
[Date "2008.04.26"]
[Round "2.4"]
[White "Chatalbashev, Boris"]
[Black "Archangelsky, Mikhail"]
[Result "1-0"]
[WhiteElo "2605"]
[BlackElo "2277"]
[PlyCount "89"]
[EventDate "2008.04.25"]
[EventType "swiss"]
[EventRounds "9"]
[EventCountry "ESP"]
[Source "lmi"]
[SourceDate "2008.04.25"]

1. d4 d5 2. c4 c6 3. Nf3 Nf6 4. e3 Bf5 5. Nc3 e6 6. Nh4 Bg6 7. Bd2 Nbd7 8. Nxg6
hxg6 9. Qc2 Bd6 10. O-O-O Qe7 11. Kb1 O-O-O 12. h3 Kb8 13. Bc1 Rhe8 14. Be2
dxc4 15. Bxc4 Nb6 16. Bb3 e5 17. dxe5 Bxe5 18. Rxd8+ Rxd8 19. Rd1 Rxd1 20. Qxd1
Bxc3 21. bxc3 Nbd5 22. Bb2 Ne4 23. Qd4 f5 24. c4 Ndf6 25. f3 Nc5 26. Bc2 Ncd7
27. g4 fxg4 28. hxg4 g5 29. e4 c5 30. Qd2 Ne8 31. Ba4 Kc7 32. e5 Kc8 33. Bxd7+
Qxd7 34. Bc1 Qe6 35. Qc3 Qe7 36. Qe3 Nc7 37. Qxg5 Qxg5 38. Bxg5 Ne6 39. Be3 g5
40. Kc2 Kd7 41. Kd3 Kc6 42. Ke4 b5 43. cxb5+ Kxb5 44. Kd5 Nc7+ 45. Kd6 1-0

[Event "21. Open Villa de Benidorm 2008"]
[Site "Benidorm ESP"]
[Date "2008.04.26"]
[Round "2.5"]
[White "Krulich, Roman"]
[Black "Mikhalevski, Victor"]
[Result "0-1"]
[WhiteElo "2240"]
[BlackElo "2597"]
[PlyCount "74"]
[EventDate "2008.04.25"]
[EventType "swiss"]
[EventRounds "9"]
[EventCountry "ESP"]
[Source "lmi"]
[SourceDate "2008.04.25"]

1. e4 e5 2. Nf3 Nc6 3. Bb5 Nf6 4. Nc3 Bb4 5. O-O O-O 6. d3 d6 7. h3 Ne7 8. Bg5
c6 9. Bc4 Be6 10. Bb3 Kh8 11. Nh4 Nfg8 12. Bxe6 fxe6 13. Qg4 Qd7 14. Ne2 Nf6
15. Qg3 h6 16. Be3 g5 17. Nf3 Ng6 18. c3 Ba5 19. h4 Nf4 20. Bxf4 exf4 21. Qh2
g4 22. Nfd4 e5 23. Nf5 Bb6 24. Kh1 d5 25. f3 h5 26. Rad1 Rad8 27. Nxf4 exf4 28.
Qxf4 Bc7 29. Qg5 Qh7 30. Rde1 gxf3 31. Rxf3 dxe4 32. dxe4 Nxe4 33. Qe3 Rxf5 34.
Qxe4 Rxf3 35. Qxf3 Qg6 36. g3 Kg8 37. Qd1 Ra8 0-1

[Event "21. Open Villa de Benidorm 2008"]
[Site "Benidorm ESP"]
[Date "2008.04.26"]
[Round "2.6"]
[White "Maze, Sebastien"]
[Black "De La Fuente Gonzalez, Francisco"]
[Result "1-0"]
[WhiteElo "2565"]
[BlackElo "2244"]
[PlyCount "111"]
[EventDate "2008.04.25"]
[EventType "swiss"]
[EventRounds "9"]
[EventCountry "ESP"]
[Source "lmi"]
[SourceDate "2008.04.25"]

1. e4 e5 2. Nf3 Nf6 3. d4 Nxe4 4. dxe5 d5 5. Nbd2 Be7 6. Nxe4 dxe4 7. Qxd8+
Bxd8 8. Nd4 Bd7 9. Bf4 Nc6 10. O-O-O O-O 11. Nb3 Bg4 12. Re1 Bh4 13. g3 Bf3 14.
Rg1 Be7 15. Nd2 Bc5 16. Nxe4 Bxe4 17. Rxe4 Bxf2 18. Rg2 Bb6 19. e6 fxe6 20. Bc4
Kh8 21. Bxe6 Nd4 22. Bg4 Rae8 23. Rxe8 Rxe8 24. c3 Nc6 25. Bd7 Re7 26. Bxc6
bxc6 27. Kd2 Kg8 28. a4 Rd7+ 29. Kc2 Kf7 30. b4 Re7 31. Kd3 Rd7+ 32. Kc4 Re7
33. Rd2 Ke8 34. Rd3 Rd7 35. Rf3 Bg1 36. h4 Re7 37. Bg5 Re6 38. Rf1 Bh2 39. Bf4
Rg6 40. Rf3 Kd7 41. Be5 Rg4+ 42. Kd3 h5 43. Re3 g5 44. hxg5 Rxg5 45. Bf4 Rg6
46. Rf3 Rg4 47. Ke4 Ke6 48. Re3 Bg1 49. Re2 a6 50. Kf3+ Kd5 51. Re4 c5 52. c4+
Kc6 53. b5+ axb5 54. axb5+ Kb6 55. Re6+ Kb7 56. Re7 1-0

[Event "21. Open Villa de Benidorm 2008"]
[Site "Benidorm ESP"]
[Date "2008.04.26"]
[Round "2.8"]
[White "Gonzalez Garcia, Jose"]
[Black "Nordenbaek, Jan"]
[Result "1-0"]
[WhiteElo "2541"]
[BlackElo "2236"]
[PlyCount "57"]
[EventDate "2008.04.25"]
[EventType "swiss"]
[EventRounds "9"]
[EventCountry "ESP"]
[Source "lmi"]
[SourceDate "2008.04.25"]

1. d4 Nf6 2. c4 g6 3. Nc3 d5 4. Nf3 Bg7 5. e3 O-O 6. Bd2 c6 7. Qb3 dxc4 8. Bxc4
b5 9. Be2 a5 10. O-O Bf5 11. a3 Nbd7 12. Rac1 Ne4 13. Nxe4 Bxe4 14. Ng5 Bd5 15.
Qc2 Nb6 16. e4 Bc4 17. Be3 a4 18. e5 Rc8 19. h4 Bb3 20. Qe4 Bd5 21. Qg4 Nc4 22.
h5 h6 23. Nh3 g5 24. Nxg5 hxg5 25. h6 Nxe3 26. Qxg5 Nf5 27. Qxf5 Bxh6 28. Bd3
Bxc1 29. Rxc1 1-0

[Event "21. Open Villa de Benidorm 2008"]
[Site "Benidorm ESP"]
[Date "2008.04.27"]
[Round "3.2"]
[White "Giaccio, Alfredo Gustavo"]
[Black "Burmakin, Vladimir"]
[Result "0-1"]
[WhiteElo "2464"]
[BlackElo "2615"]
[PlyCount "124"]
[EventDate "2008.04.25"]
[EventType "swiss"]
[EventRounds "9"]
[EventCountry "ESP"]
[Source "lmi"]
[SourceDate "2008.04.25"]

1. e4 c6 2. d4 d5 3. e5 Bf5 4. Nf3 e6 5. Be2 Nd7 6. Nbd2 Ne7 7. O-O Nc8 8. Re1
Be7 9. Nf1 O-O 10. Ng3 Bg6 11. c3 c5 12. Be3 cxd4 13. Bxd4 Ncb6 14. a4 Nb8 15.
b3 N6d7 16. a5 a6 17. b4 Nc6 18. Qd2 Qc7 19. Bf1 Rfc8 20. Re3 Nxd4 21. Qxd4 f6
22. exf6 Bxf6 23. Qg4 Nf8 24. Rae1 Qd7 25. Nd4 e5 26. Qxd7 Nxd7 27. Ndf5 Rc7
28. Rd1 Bf7 29. Nd6 Be6 30. f4 Bg4 31. Rxd5 exf4 32. Re8+ Rxe8 33. Nxe8 Rxc3
34. Ne4 Rc1 35. Rxd7 Bxd7 36. N8xf6+ gxf6 37. Nxf6+ Kg7 38. Nxd7 Rb1 39. Nc5
Rxb4 40. Be2 Kf7 41. Kf2 Ke7 42. Bf3 b6 43. axb6 Rxb6 44. Nd3 a5 45. Nxf4 Kd6
46. Nd3 a4 47. Bh5 Rb7 48. Ke3 a3 49. Nc1 Rb2 50. Bf7 Rxg2 51. h4 Rh2 52. h5
Ke5 53. Kd3 Kf6 54. Bd5 Rxh5 55. Bc4 Rc5 56. Kc3 h5 57. Kb4 Rc7 58. Na2 Rxc4+
59. Kxc4 h4 60. Kb3 h3 61. Nc3 h2 62. Ne4+ Ke5 0-1

[Event "21. Open Villa de Benidorm 2008"]
[Site "Benidorm ESP"]
[Date "2008.04.27"]
[Round "3.6"]
[White "Kovacevic, Slobodan"]
[Black "Maze, Sebastien"]
[Result "1/2-1/2"]
[WhiteElo "2426"]
[BlackElo "2565"]
[PlyCount "266"]
[EventDate "2008.04.25"]
[EventType "swiss"]
[EventRounds "9"]
[EventCountry "ESP"]
[Source "lmi"]
[SourceDate "2008.04.25"]

1. d4 Nf6 2. Nf3 d5 3. Bf4 c5 4. e3 Nc6 5. c3 Qb6 6. Qb3 c4 7. Qc2 Bf5 8. Qc1
Nh5 9. Bg3 e6 10. Nbd2 Nxg3 11. hxg3 h6 12. Be2 Be7 13. Bd1 O-O 14. Bc2 Qc7 15.
Bxf5 exf5 16. Qc2 Qd7 17. Rh5 g6 18. Rxh6 Kg7 19. Rh3 b5 20. Ke2 Rfe8 21. Ne5
Qe6 22. Nxc6 Qxc6 23. Rah1 Bf6 24. Nf3 Re4 25. Rh7+ Kf8 26. a4 Rae8 27. axb5
Qxb5 28. Ra1 Kg8 29. Rhh1 R8e7 30. Ra2 Qb8 31. Kd1 Rb7 32. Kc1 Re6 33. Kd2 Reb6
34. Rb1 Rb3 35. Kc1 Kg7 36. Ra5 Qd8 37. Ra2 Be7 38. Nd2 Qb6 39. Qd1 Rb5 40. Qa4
a5 41. Qc2 Rb3 42. Raa1 Rb5 43. Ra2 Qc7 44. Qd1 Qb8 45. Qc2 Bd6 46. Qd1 Kf6 47.
Qc2 Bc7 48. Qd1 Kg7 49. Qc2 R7b6 50. Qd1 Re6 51. Qf3 Qe8 52. Rba1 Qh8 53. Rb1
Reb6 54. Kc2 Qb8 55. Qd1 Kg8 56. Kc1 Re6 57. Qc2 Reb6 58. Qd1 Bd6 59. Qc2 Rb7
60. Kd1 Re7 61. Kc1 Reb7 62. Qd1 Qe8 63. Qc2 Kg7 64. Qd1 Re7 65. Qf3 Qh8 66.
Qd1 Reb7 67. Nf3 Kf6 68. Nd2 Ke6 69. Nf3 f6 70. Nd2 g5 71. Qf1 Qb8 72. Qd1 g4
73. e4 fxe4 74. Qxg4+ Kf7 75. Nf1 Rb3 76. Qh5+ Ke6 77. Qg4+ Kf7 78. Qh5+ Kg7
79. Ne3 Rxc3+ 80. Kd1 Rxe3 81. fxe3 c3 82. Qe2 c2+ 83. Qxc2 Rc7 84. Qa4 Qc8 85.
Qb5 Bb4 86. Qe2 Qh8 87. Qg4+ Kf7 88. Qh3 Qb8 89. Rc1 Rxc1+ 90. Kxc1 Qb5 91.
Qh5+ Ke6 92. Qd1 Qb8 93. Qg4+ Ke7 94. Qg7+ Ke6 95. Qg4+ Ke7 96. Kb1 Qb5 97. Qd1
Qc4 98. Ra1 Qc7 99. Ka2 Qxg3 100. Qe2 Qc7 101. Rf1 Qc6 102. Kb1 a4 103. Rc1 Qb6
104. Ka2 Bd6 105. Rc3 Bb4 106. Rc8 Bd6 107. Qc2 a3 108. bxa3 Qa6 109. Rc3 f5
110. Qf2 Ke6 111. Kb2 Qb5+ 112. Rb3 Qc4 113. g3 Qa6 114. Qg2 Kf6 115. Qf2 Kg5
116. Qe1 Kg4 117. Qd1+ Kg5 118. Ka2 Qc4 119. Kb2 Bxg3 120. Rc3 Qb5+ 121. Qb3
Qxb3+ 122. Kxb3 f4 123. exf4+ Kxf4 124. Kc2 Bf2 125. Rc5 Kf3 126. Rxd5 e3 127.
Re5 e2 128. Kd3 e1=Q 129. Rxe1 Bxe1 130. d5 Kf4 131. Kd4 Bf2+ 132. Kc4 Ke5 133.
a4 Kd6 1/2-1/2

[Event "21. Open Villa de Benidorm 2008"]
[Site "Benidorm ESP"]
[Date "2008.04.27"]
[Round "3.7"]
[White "Levin, Felix"]
[Black "Pogorelov, Ruslan"]
[Result "1-0"]
[WhiteElo "2546"]
[BlackElo "2423"]
[PlyCount "132"]
[EventDate "2008.04.25"]
[EventType "swiss"]
[EventRounds "9"]
[EventCountry "ESP"]
[Source "lmi"]
[SourceDate "2008.04.25"]

1. Nf3 Nf6 2. c4 e6 3. Nc3 Bb4 4. Qc2 O-O 5. a3 Bxc3 6. Qxc3 b6 7. b4 Bb7 8.
Bb2 d6 9. e3 Nbd7 10. Be2 Qe7 11. O-O Rfc8 12. d4 a5 13. b5 c6 14. bxc6 Bxc6
15. a4 d5 16. Ba3 Qd8 17. Qb3 dxc4 18. Bxc4 Qc7 19. Rfc1 Qb7 20. Qd1 Bd5 21.
Bb5 Ne4 22. Qd3 Rxc1+ 23. Rxc1 Rc8 24. Rc2 Rxc2 25. Qxc2 h6 26. Ne1 Nb8 27. f3
Nf6 28. Bd6 Bc6 29. Be2 Nbd7 30. Qb3 Bd5 31. Qa3 Ne8 32. Bg3 Qc8 33. Bb5 Bc6
34. Qc3 Bb7 35. Qxc8 Bxc8 36. Nd3 Kf8 37. Nb2 Ke7 38. Nc4 f6 39. e4 g5 40. Bxd7
Bxd7 41. Nxb6 Bc6 42. Be1 Kd6 43. Bxa5 Kc7 44. d5 exd5 45. Nxd5+ Kb7 46. Bc3
Bxa4 47. Bxf6 Bb3 48. Be7 Kc6 49. Ne3 Kd7 50. Bf8 h5 51. Bh6 g4 52. fxg4 hxg4
53. Nxg4 Bc2 54. e5 Bf5 55. Nf6+ Nxf6 56. exf6 Ke6 57. Bg7 Kf7 58. Kf2 Be6 59.
h3 Kg6 60. g4 Kf7 61. Kg3 Bb3 62. h4 Kg6 63. Kf4 Bd1 64. h5+ Kf7 65. Kg5 Be2
66. Kh4 Ke8 1-0

[Event "21. Open Villa de Benidorm 2008"]
[Site "Benidorm ESP"]
[Date "2008.04.27"]
[Round "3.8"]
[White "Camarena Gimenez, Rufino"]
[Black "Gonzalez Garcia, Jose"]
[Result "0-1"]
[WhiteElo "2417"]
[BlackElo "2541"]
[PlyCount "96"]
[EventDate "2008.04.25"]
[EventType "swiss"]
[EventRounds "9"]
[EventCountry "ESP"]
[Source "lmi"]
[SourceDate "2008.04.25"]

1. d4 Nf6 2. c4 e6 3. Nc3 Bb4 4. g3 c5 5. Nf3 Nc6 6. Bg2 Ne4 7. Qd3 cxd4 8.
Nxd4 Nxc3 9. bxc3 Ne5 10. Qc2 Be7 11. Qb3 O-O 12. Bf4 Qc7 13. Nb5 Qb8 14. O-O
Bc5 15. Rfd1 a6 16. Nd4 d6 17. Rab1 Qc7 18. h3 Rb8 19. g4 Bd7 20. e3 Qa5 21.
Qc2 Nxc4 22. Nb3 Qc7 23. Nxc5 Qxc5 24. Rxb7 Bc6 25. Rxb8 Rxb8 26. Rb1 Rc8 27.
Qd3 Bxg2 28. Kxg2 Qc6+ 29. e4 h6 30. Rb3 f5 31. gxf5 exf5 32. Qd5+ Qxd5 33.
exd5 Rc5 34. Rb4 a5 35. Rb7 g5 36. Be3 Nxe3+ 37. fxe3 Rxc3 38. Rd7 Rxe3 39.
Rxd6 Kg7 40. h4 Re2+ 41. Kf3 Rh2 42. Ra6 Rh3+ 43. Kg2 Rxh4 44. Rxa5 Kf6 45. d6
Rd4 46. Ra6 Ke5 47. Ra5+ Ke6 48. Ra6 Ke5 0-1

[Event "21. Open Villa de Benidorm 2008"]
[Site "Benidorm ESP"]
[Date "2008.04.28"]
[Round "4.1"]
[White "Cabrera, Alexis"]
[Black "Avrukh, Boris"]
[Result "1/2-1/2"]
[WhiteElo "2491"]
[BlackElo "2632"]
[PlyCount "122"]
[EventDate "2008.04.25"]
[EventType "swiss"]
[EventRounds "9"]
[EventCountry "ESP"]
[Source "lmi"]
[SourceDate "2008.04.25"]

1. e4 c5 2. Nf3 e6 3. Nc3 a6 4. d4 cxd4 5. Nxd4 Qc7 6. Bd3 Nf6 7. Qe2 d6 8. O-O
Nbd7 9. a4 g6 10. Bc4 Ne5 11. Bb3 Bg7 12. f4 Nc6 13. Nxc6 bxc6 14. f5 O-O 15.
fxe6 Bxe6 16. Bxe6 fxe6 17. a5 Ng4 18. Qxg4 Qa7+ 19. Be3 Qxe3+ 20. Kh1 Rxf1+
21. Rxf1 Re8 22. Na4 Qd4 23. b3 Qb4 24. Qg3 Rf8 25. Rd1 Qd2 26. Qd3 Qxd3 27.
cxd3 Rb8 28. d4 Rxb3 29. e5 dxe5 30. dxe5 Bxe5 31. g4 Rb5 32. Nb6 Rxa5 33. Rd8+
Kf7 34. Rd7+ Ke8 35. Rxh7 Rb5 36. Nc4 Bf4 37. Kg2 Rc5 38. Nb6 Rc2+ 39. Kf3 Rxh2
40. Ra7 g5 41. Rxa6 Rb2 42. Nc4 Rb3+ 43. Ke4 Kd7 44. Ra7+ Kc8 45. Ra6 Kb7 46.
Rxc6 Rb4 47. Rc5 Rb1 48. Ra5 Re1+ 49. Kd4 Rg1 50. Rb5+ Kc6 51. Rb6+ Kd7 52.
Ne5+ Ke7 53. Rb7+ Kd8 54. Nc6+ Kc8 55. Re7 Rc1 56. Na7+ Kb8 57. Nb5 Rc6 58. Ke4
Rb6 59. Nd4 e5 60. Nf3 Kc8 61. Nxe5 Kd8 1/2-1/2

[Event "21. Open Villa de Benidorm 2008"]
[Site "Benidorm ESP"]
[Date "2008.04.28"]
[Round "4.2"]
[White "Burmakin, Vladimir"]
[Black "Matamoros Franco, Carlos S"]
[Result "1/2-1/2"]
[WhiteElo "2615"]
[BlackElo "2515"]
[PlyCount "61"]
[EventDate "2008.04.25"]
[EventType "swiss"]
[EventRounds "9"]
[EventCountry "ESP"]
[Source "lmi"]
[SourceDate "2008.04.25"]

1. d4 Nf6 2. g3 d5 3. Nf3 c6 4. Bg2 Bg4 5. c4 e6 6. Qb3 Qb6 7. c5 Qa6 8. h3 Bh5
9. Nc3 Nbd7 10. O-O Be7 11. Re1 b6 12. cxb6 axb6 13. e4 Nxe4 14. Nxe4 dxe4 15.
Rxe4 Nf6 16. Re1 Bxf3 17. Bxf3 Nd5 18. Bd2 O-O 19. Rec1 Rac8 20. Rc2 Rfd8 21.
Rac1 c5 22. dxc5 bxc5 23. Qc4 Qxc4 24. Rxc4 Rb8 25. b3 Nb4 26. Bf4 Nxa2 27. Rb1
Rb5 28. Bc6 Rb4 29. Rc2 Rb6 30. Bf3 Rbb8 31. Ra1 1/2-1/2

[Event "21. Open Villa de Benidorm 2008"]
[Site "Benidorm ESP"]
[Date "2008.04.28"]
[Round "4.4"]
[White "Petrov, Marijan"]
[Black "Levin, Felix"]
[Result "1/2-1/2"]
[WhiteElo "2489"]
[BlackElo "2546"]
[PlyCount "34"]
[EventDate "2008.04.25"]
[EventType "swiss"]
[EventRounds "9"]
[EventCountry "ESP"]
[Source "lmi"]
[SourceDate "2008.04.25"]

1. e4 c6 2. d4 d5 3. Nc3 dxe4 4. Nxe4 Bf5 5. Ng3 Bg6 6. h4 h6 7. Nf3 Nd7 8. h5
Bh7 9. Bd3 Bxd3 10. Qxd3 e6 11. Bd2 Ngf6 12. O-O-O Be7 13. Ne4 O-O 14. Kb1 c5
15. dxc5 Nxc5 16. Nxf6+ Bxf6 17. Qxd8 Rfxd8 1/2-1/2

[Event "21. Open Villa de Benidorm 2008"]
[Site "Benidorm ESP"]
[Date "2008.04.28"]
[Round "4.5"]
[White "Gonzalez Garcia, Jose"]
[Black "Leon Hoyos, Manuel"]
[Result "1/2-1/2"]
[WhiteElo "2541"]
[BlackElo "2490"]
[PlyCount "26"]
[EventDate "2008.04.25"]
[EventType "swiss"]
[EventRounds "9"]
[EventCountry "ESP"]
[Source "lmi"]
[SourceDate "2008.04.25"]

1. d4 d6 2. e4 Nf6 3. Nc3 g6 4. f4 Bg7 5. Nf3 c5 6. Bb5+ Bd7 7. e5 Ng4 8. e6
fxe6 9. Ng5 Bxb5 10. Nxe6 Bxd4 11. Nxd8 Bf2+ 12. Kd2 Be3+ 13. Ke1 Bf2+ 1/2-1/2

[Event "21. Open Villa de Benidorm 2008"]
[Site "Benidorm ESP"]
[Date "2008.04.28"]
[Round "4.6"]
[White "Cossin, Sebastien"]
[Black "Rotstein, Arkadij"]
[Result "1-0"]
[WhiteElo "2451"]
[BlackElo "2528"]
[PlyCount "115"]
[EventDate "2008.04.25"]
[EventType "swiss"]
[EventRounds "9"]
[EventCountry "ESP"]
[Source "lmi"]
[SourceDate "2008.04.25"]

1. d4 Nf6 2. c4 e6 3. Nc3 Bb4 4. e3 O-O 5. Nge2 d5 6. a3 Bd6 7. Ng3 c6 8. Bd2
Nbd7 9. Qc2 Re8 10. Be2 e5 11. Nf5 Bf8 12. cxd5 Nxd5 13. Nxd5 cxd5 14. dxe5
Nxe5 15. O-O Qb6 16. Nd4 Bg4 17. Bxg4 Nxg4 18. Qb3 Qc7 19. Nf3 Bd6 20. g3 Rad8
21. Bc3 Re6 22. Rad1 Rg6 23. Qxd5 Re8 24. Nh4 Bxg3 25. hxg3 Nxe3 26. Be5 Nxd5
27. Bxc7 Nxc7 28. Nxg6 hxg6 29. Rd7 Ne6 30. Rxb7 a5 31. Rb5 Ra8 32. a4 Nd4 33.
Rd5 Ne6 34. Rfd1 g5 35. f3 Kh7 36. Rb5 f6 37. Rd6 Nc7 38. Rc5 Ne8 39. Rdd5 Rb8
40. Rb5 Rc8 41. Rbc5 Rb8 42. Rd2 Ra8 43. Kf2 Kg6 44. Ke2 Ra6 45. Rdd5 Rb6 46.
Rc2 Ra6 47. Kd3 Kf7 48. Rcc5 Rb6 49. Kc3 g4 50. fxg4 Nd6 51. Rxa5 Ne4+ 52. Kc2
Rc6+ 53. Kb3 Ke6 54. Ka3 Rc1 55. Rd3 g5 56. Re3 Rc4 57. Rb5 Kf7 58. b3 1-0

[Event "21. Open Villa de Benidorm 2008"]
[Site "Benidorm ESP"]
[Date "2008.04.28"]
[Round "4.8"]
[White "Mihailovs, Jurijs"]
[Black "Abergel, Thal"]
[Result "1/2-1/2"]
[WhiteElo "2393"]
[BlackElo "2520"]
[PlyCount "40"]
[EventDate "2008.04.25"]
[EventType "swiss"]
[EventRounds "9"]
[EventCountry "ESP"]
[Source "lmi"]
[SourceDate "2008.04.25"]

1. d4 Nf6 2. c4 e6 3. Nf3 c5 4. d5 b5 5. Bg5 exd5 6. cxd5 d6 7. e4 a6 8. Nbd2
Be7 9. Bf4 O-O 10. a4 b4 11. Bd3 a5 12. O-O Nh5 13. Be3 Nd7 14. Qc2 g6 15. Bh6
Re8 16. Bb5 Ba6 17. Bxa6 Rxa6 18. Qd3 Ra7 19. Nc4 Nb6 20. Nfd2 Bf6 1/2-1/2

[Event "21. Open Villa de Benidorm 2008"]
[Site "Benidorm ESP"]
[Date "2008.04.28"]
[Round "4.9"]
[White "Arizmendi Martinez, Julen Luis"]
[Black "Vassallo Barroche, Mauricio"]
[Result "1-0"]
[WhiteElo "2516"]
[BlackElo "2383"]
[PlyCount "85"]
[EventDate "2008.04.25"]
[EventType "swiss"]
[EventRounds "9"]
[EventCountry "ESP"]
[Source "lmi"]
[SourceDate "2008.04.25"]

1. e4 g6 2. d4 Bg7 3. Nf3 d6 4. Be2 Nf6 5. Nc3 O-O 6. O-O c6 7. a4 Qc7 8. a5
Nbd7 9. Re1 e5 10. Bf1 Re8 11. d5 a6 12. Ra3 cxd5 13. Nxd5 Nxd5 14. exd5 f5 15.
c4 Nf6 16. b4 e4 17. Nd4 Kh8 18. h3 Qf7 19. Bf4 Qf8 20. Be2 h6 21. h4 Nh7 22.
Rh3 Bd7 23. Qd2 Be5 24. Nb3 Bxf4 25. Qxf4 Re5 26. c5 Kg7 27. cxd6 Qxd6 28. Nc5
Rae8 29. Rd1 Bc8 30. Rc3 Nf6 31. Qc1 Rxd5 32. Rxd5 Nxd5 33. Rc4 e3 34. fxe3
Nxe3 35. Ne4 Rxe4 36. Rxc8 Re7 37. Qc3+ Kf7 38. Qh8 Qg3 39. Rf8+ Ke6 40. Qf6+
Kd7 41. Qd4+ Kc7 42. Qd8+ Kc6 43. Rf6+ 1-0

[Event "21. Open Villa de Benidorm 2008"]
[Site "Benidorm ESP"]
[Date "2008.04.29"]
[Round "5.1"]
[White "Arizmendi Martinez, Julen Luis"]
[Black "Chatalbashev, Boris"]
[Result "1/2-1/2"]
[WhiteElo "2516"]
[BlackElo "2605"]
[PlyCount "27"]
[EventDate "2008.04.25"]
[EventType "swiss"]
[EventRounds "9"]
[EventCountry "ESP"]
[Source "lmi"]
[SourceDate "2008.04.25"]

1. e4 c5 2. Nf3 g6 3. d4 cxd4 4. Nxd4 Nc6 5. c4 Nf6 6. Nc3 d6 7. Be2 Nxd4 8.
Qxd4 Bg7 9. Bg5 O-O 10. Qd2 a6 11. Rc1 Bd7 12. O-O Bc6 13. f3 b5 14. Nb1
1/2-1/2